000 01351nam a2200337 c 4500
003 BLK
005 20250718153623.0
008 180409b bul|||||r ||||||| ||bul||
010 _aKNG00104150000
020 _a954-17-0204-Х
_bиздат.: Калпазанов
040 _aBLK
041 _aBUL
_cBUL
080 _aАнглийска литература
_b821.111
_x-31
_z821.111-31
100 1 _aАдлър, Елизабет
_eпърви автор
_9364396
700 1 _aВангелова, Силвия
_eпрев. от англ.
_9367883
139 _aАдлър, Елизабет
_bА 31
245 1 0 _aРано или късно
_bРоман
_cЕлизабет Адлър; прев. от англ. Силвия Вангелова.
257 _aGBR
260 София
_bКалпазанов
_c2002
_fСофия : Инвестпрест
300 _a416 с.
_c20 см
380 _aX
490 1 _aКолекция Елизабет Адлър
500 _aОриг. загл. Sooner or Later / Elizabet Adler. - Пълното име на прев. е Силвия Внгелова Ненкова.
653 _aромани
852 _aЦб 213085
856 4 _qpdf
_u
856 4 _qpdf
_u
942 _cKNG
_n0
_066
944 _aCR
_c01.01.2002
_lЦветомила Тодорова
_k30576
944 _aED
_c12.02.2013
_lф /
_k
999 _c99152
_d99152